000 00437nam a2200157Ia 4500
003 GCL
008 140319s9999 xx 000 0 ara d
040 _aGCL /
_cGCL
082 0 4 _aد
_b050
100 1 _aتوفيق الحكيم
245 1 0 _aمن ذكريات الفن و القضاء(اقرا 126) /
_cتوفيق الحكيم
300 _a124
490 _aاقرأ
_v0
650 0 4 _aالمذكرات الادبية
942 _2ddc
_cBK
999 _c48565
_d48565